01139cam a2200229 a 450000100100000000500170001000800410002704000250006808200190009310000340011224000870014624501270023326000520036030000250041250400530043753401090049060000690059965000720066870000320074095201220077299900150089400000276420200929150243.0830310s1983 mx b s001 0 spa  aDO-SdBNPbspacBNPHU a928.973bD553J1 aJuhasz, Suzanne,d1942-9871014aThe undiscovered continent. Emily Dickinson and the space of the mind.lEspañol.13aEl continente por descubrir :bEmily Dickinson y el espacio de la mente /cSuzanne Juhasz; Traducción de Elisa Moreno C. aBloomington :bIndiana University Press,c1983. aix, 189 p. ;c25 cm. aIncluye referencias bibliográficas e índice. aTítulo de la obra en inglés:tThe undiscovered continent. Emily Dickinson and the space of the mind.14aDICKINSON, EMILY,d1830-1886xCRÍTICA E INTERPRETACIÓN98711 4aMujeres en la literaturazEstados UnidosxHistoriaySIGLO XIX987121 aMoreno C, Elisa,etr.98713 001052708MOaGRbGRcCTd2009-07-17iLF1l0o928.973 D553Jp2764-10r2020-06-25w2020-06-25y2ZPréstamo interno c2598d2598